01161nam a22002297a 4500952011900000999001700119008004100136020001800177050002200195100003800217245009400255250001900349260003500368300002400403504016100427505018800588519007300776650002400849650002700873650002400900942000700924 00102lcc4070a20b20d2014-10-14l25m7oKGF5419 C37 2013p20 002183r2023-04-22s2023-04-22t1w2014-10-14yLB c94641d94641141014b20131959M ||||| |||| 00| 0 S d a9789700770154 aKGF5419bC37 2013 aCastellanos Tena, Fernandoeautor aLineamientos elementales de derecho penalb : parte generalc / Fernando Castellanos Tena a52a. edición aMéxicob : Porrúac , 2013 axvi ; 364 páginas aIncluye: Dedicatoria Prólogo a la 52a. edición Prólogo a la 44a. edición Prólogo a la primera edición Índice de contenido Oponiones de la obra aGeneralidades del derecho penal y lasciemcias penales Evolución de las ideas penales Teoría de la ley penal Teoría del delito Teoría de las penas y de las medidas de seguridad aPlan Flexible / bDerecho / cDerecho penal II (P09) / d(20 002183) 0aTEORÍA DEL DELITO 0aDERECHO PENAL MEXICANO 0aLEY PENALzMÉXICO cLB